Представление документа в формате MARC21

Поле Инд. ПП Название Значение
Тип записи a
Библиографический уровень m
001 Контрольный номер a345342a-558f-4d3b-b767-39291c520a2a
005 Дата корректировки 20140703164741.9
008 Кодируемые данные 080131
020 a ISBN 978-5-9221-0877-5
c Цена, тираж 90.00
040 a Служба первич. каталог. RU-MoLSU
a Служба первич. каталог. НБ ТвГУ
041 a Код языка текста rus
080 a Индекс УДК 53(47+57)(092)
a Индекс УДК 929:53
084 a Индекс другой классификации/Индекс ББК В3д(2)6
090 x Авторский знак Х17
a Полочн. индекс В3д(2)6
092 a 29.01.09
100 1_ a Автор Халатников Исаак Маркович
245 10 a Заглавие Дау, Кентавр и другие
b Продолж. заглавия (Top nonsecret)
c Ответственность И. М. Халатников
260 0_ a Место издания Москва
b Издательство ФИЗМАТЛИТ
c Дата издания 2007
300 a Объем 190, [1] с., [16] л. ил.
504 a Библиография Библиогр. в подстроч. примеч.
583 a Действие Получение впервые 15 31.01.2008
k Исполнитель действия Дар РГГУ
650 a Основная рубрика Физика
x Основная подрубрика История
z Географическая подрубрика СССР
650 a Основная рубрика Ландау, Лев Давидович, о нем
650 a Основная рубрика Капица, Петр Леонидович, о нем
650 a Основная рубрика Халатников, Исаак Маркович, о нем
653 a Ключевые слова История физики
a Ключевые слова Капица
a Ключевые слова Ландау
a Ключевые слова Физика в СССР
a Ключевые слова Халатников
a Ключевые слова Персоналии
852 t Порядковый номер экземпляра 1
p Инвентарный номер 902341
863 t 00211309
888 a Бесплатные
930 a Новая/Ретро персоналии
952 p 15.2008 90.00 1 902341
c Вид литературы К рн
954 a Дата поступления на обработку 20080603
999 a Подразделение 2 Фил3